00646nam a2200217Ia 450000500170000000800410001704000190005804100120007708200130008910000180010224500500012026000280017030000100019850400500020865000140025865100240027285000100029694200070030699900170031395200980033020210907141733.0131103s9999 xx 000 0 und d aLoreto College aEnglish a320bJAN aJangam, R. T. aTextbook of political sociologycR. T. Jangam aNew DelhibO.U.P.c1993 a314p  aIncludes bibliographical references and index aPolitices aPolitical Sociology aLCLIB cBK c17217d67696 00102ddc4070aMAINbMAINd2013-11-04l0o320 JAN 39227pB17496r2013-11-04w2013-11-04yBK